<The> West German Economy Towards the Year 2000 <An> Analysis of Structural Change

Na minha lista:
Detalhes bibliográficos
Autor principal: Donges, Jurgen B.
Outros Autores: Klodt, Henning, Schmidt, Klaus-Dieter
Formato: Livro
Idioma:inglês
Publicado em: Kiel Institut für Weltwirtschaft 1986
Edição:1. ed.
Colecção:Working Paper No.268
Tags: Adicionar Tag
Sem tags, seja o primeiro a adicionar uma tag!

MARC

LEADER 00000nam a2200000 4500
001 c028488
005 20221220073323.5
041 0 |a eng 
044 |a DE 
245 1 0 |a <The> West German Economy Towards the Year 2000  |b <An> Analysis of Structural Change  |c Juergen B. Donges, Henning Klodt, Klaus-Dieter Schmidt 
250 |a 1. ed. 
264 1 |a Kiel  |b Institut für Weltwirtschaft  |c 1986 
300 |a 34 s. 
490 1 |a Working Paper  |v No.268 
830 0 |a Working Paper  |v No.268 
100 1 |a Donges, Jurgen B. 
700 1 |a Klodt, Henning 
700 1 |a Schmidt, Klaus-Dieter